• 首页
  • 本馆介绍
  • 公告通知
  • 最新文献
  • 馆藏检索
  • 电子资源
  • 读者导购
  • 参考咨询
  • 我的图书馆
  • 登录
  • 详细信息显示
  • 放入我的书架
  • 预约/预借图书
  • 作者相关作品
  • 分类相关作品
  • 丛书相关作品
  • 出版社相关作品

书目信息

  • 表格格式
  • 工作单格式
  • 卡片格式
题名:
矢量分析与场论
    
 
作者: 谢树艺 编
分册:  
出版信息: 北京   高等教育出版社  1978.12
页数: 76页
开本: 18cm
丛书名:
单 册:
中图分类: O183.1 , O183
科图分类:
主题词: 几何 , 拓扑
电子资源:
ISBN:
000 00634nam0 2200241 45
001 0405201115
005 20060419150045.75
010    @dCNY0.25
091    @a13010.0256
100    @a20040520d1978 km y0chiy0120 ea
101 0  @achi
200 1  @a矢量分析与场论@AShi Liang Fen Xi Yu Chang Lun@e工程数学@f谢树艺编@FXie Shu Yi Bian
210    @a北京@c高等教育出版社@d1978.12
215    @a76页@d18cm
300    @a高等学校试用教材
517 1  @a工程数学@Agong cheng shu xue
606 0  @a几何
606 0  @a拓扑
690    @aO183.1@v4
690    @aO183@v3
701  0 @a谢树艺@4编
801    @aCN@bPftUser@c20060419
905    @dO183@e1
    
    矢量分析与场论:工程数学/谢树艺编.-北京:高等教育出版社,1978.12
    76页;18cm
    高等学校试用教材
    
    ISBN :CNY0.25
    
●
相关链接 在E读中查询图书 在五车中查询图书 在当当中查询图书 在豆瓣中查询图书


正题名:矢量分析与场论     索取号:O183/1         预约/预借

序号 登录号 条形码 馆藏地/架位号 状态 备注
1 0109252   202212024   密集书库/ [索取号:O183/1] 在馆    
2 0109253   202212060   密集书库/ [索取号:O183/1] 在馆    
3 0109254   202211579   密集书库/ [索取号:O183/1] 在馆    
4 0109255   202211980   密集书库/ [索取号:O183/1] 在馆    
5 0109256   202211944   密集书库/ [索取号:O183/1] 在馆    
唐山师范学院图书馆 欢迎您!
大连网信软件有限公司© 版权所有